03326 2201177 4500001002100000005001500021007000300036008004100039020002200080035002000102082001400122084002100136090002000157100001900177245010400196250001200300260003300312300003600345500005200381650001500433700002600448700002900474850001000503990001900513990001900532990001900551990001900570990001900589990001900608990001900627990001900646990001900665990001900684990001900703990001900722990001900741990001900760990001900779990001900798990001900817990001900836990001900855990002200874990002200896990002200918990002000940990002200960990002200982990002201004990002201026990002201048990002201070990002201092990002201114990002201136990002201158990002201180990002201202990002201224990002201246990002201268990002201290990002201312990002201334990002201356990002201378990002201400990002201422990002201444990002201466990002201488990002201510990002201532990002201554990002201576990002201598990002201620990002201642990002201664990002201686990002201708990002201730990002201752990002201774990002201796990002201818990002201840990002201862990002201884990002201906990002201928990002201950990002201972990002201994990002202016990002202038990002202060990002202082990002202104990002202126INLIS00000000000279020260531121500ta260531 g 0 ind  a978-979-075-960-2 a0010-0720000073 a910.342.1 a910.342.1 ROG e a320.4 ISK p 7-60 aRoger Williams1 aEyewitness Travel Top 10: London /cRoger Williams, Editor: Tessa Febiani ;Penerjemah,Soni Astranto a.-cet.5 a--Jakarta :bErlangga,c2011 a192 hlm. :bilus. ;c10 x 19 cm aIndeks,hlm 180-189 ;Tentang Penulis,hlm 190-192 4aPariwisata0 aEditor: Tessa Febiani0 aPenerjemah,Soni Astranto aPUPAD a17.401/BR/2012 a17.401/BR/2012 a17.401/BR/2012 a17.401/BR/2012 a17.401/BR/2012 a17.401/BR/2012 a17.401/BR/2012 a17.401/BR/2012 a17.401/BR/2012 a17.402/BR/2012 a17.404/BR/2012 a17.404/BR/2012 a17.404/BR/2012 a17.404/BR/2012 a17.404/BR/2012 a17.404/BR/2012 a17.404/BR/2012 a17.404/BR/2012 a17.404/BR/2012 a27.136/H/DPK/2018 a27.137/H/DPK/2018 a27.138/H/DPK/2018 a27.139/H/DPK/18 a27.140/P/DPK-2017 a27.140/P/DPK-2017 a27.140/P/DPK-2017 a27.140/P/DPK-2017 a27.140/P/DPK-2017 a27.140/P/DPK-2017 a27.140/P/DPK-2017 a27.140/P/DPK-2017 a27.140/P/DPK-2017 a27.141/P/DPK-2017 a27.141/P/DPK-2017 a27.141/P/DPK-2017 a27.141/P/DPK-2017 a27.141/P/DPK-2017 a27.141/P/DPK-2017 a27.141/P/DPK-2017 a27.141/P/DPK-2017 a27.141/P/DPK-2017 a27.142/P/DPK-2017 a27.142/P/DPK-2017 a27.142/P/DPK-2017 a27.142/P/DPK-2017 a27.142/P/DPK-2017 a27.142/P/DPK-2017 a27.142/P/DPK-2017 a27.142/P/DPK-2017 a27.142/P/DPK-2017 a27.143/P/DPK-2017 a27.143/P/DPK-2017 a27.143/P/DPK-2017 a27.143/P/DPK-2017 a27.143/P/DPK-2017 a27.143/P/DPK-2017 a27.143/P/DPK-2017 a27.143/P/DPK-2017 a27.143/P/DPK-2017 a27.144/P/DPK-2017 a27.144/P/DPK-2017 a27.144/P/DPK-2017 a27.144/P/DPK-2017 a27.144/P/DPK-2017 a27.144/P/DPK-2017 a27.144/P/DPK-2017 a27.144/P/DPK-2017 a27.144/P/DPK-2017 a27.145/P/DPK-2017 a27.145/P/DPK-2017 a27.145/P/DPK-2017 a27.145/P/DPK-2017 a27.145/P/DPK-2017 a27.145/P/DPK-2017 a27.145/P/DPK-2017 a27.145/P/DPK-2017 a27.145/P/DPK-2017